Statistics for Sheffield trivia

Click here to take the quiz!

General Stats

  • This quiz has been taken 725 times
  • The average score is 8 of 15

Answer Stats

QuestionAnswer% Correct
Sheffield is famous for making what material?Steel
97%
Sheffield United's nicknameBlades
84%
Sheffield Wednesday's nicknameOwls
84%
Regional shopping centreMeadowhall
82%
Popular Sheffield bandArctic Monkeys
75%
Road with lots of bars in townWest Street
68%
Ice Hockey teamSheffield Steelers
64%
Adjacent nationa parkPeak District
58%
Hit music radio stationHallam FM
51%
World snooker championships venueThe Crucible
49%
International sports venuePonds Forge
31%
Listed building behind the stationParkhill Flats
30%
Huge park in the south of the cityGraves park
25%
Focal point of the Peace GardensFountains
23%
Former twins near the M1Tinsley Towers
16%

Score Distribution

Percentile by Number Answered

Percent of People with Each Score

Your Score History

You have not taken this quiz